| 000 | 00747nam a22002537a 4500 | ||
|---|---|---|---|
| 003 | UA-OsUOA | ||
| 001 | 26477 | ||
| 007 | ta | ||
| 008 | 20040603b un ||||| |||| 00| 0 ukr d | ||
| 100 | _aВакарчук І.О. | ||
| 090 |
_a536/075.8 _bВ14 |
||
| 942 | _cBK | ||
| 040 |
_aUA-OsUOA _bukr _cUA-OsUOA _dUA-OsUOA |
||
| 245 |
_aВступ до проблеми багатьох тіл. _bНавчальний посібник. |
||
| 300 |
_a220 с. _bІлюстрації |
||
| 955 | _a0 | ||
| 041 | _aukr | ||
| 080 | _a536/075.8 | ||
| 020 | _a966-613-017-3 | ||
| 260 |
_aЛьвів _bЛьвівський національний університет ім. І. Франка _c1999 |
||
| 044 | _aUA | ||
| 650 | 7 | _2UDC | |
| 999 |
_c312802 _d312802 |
||